书目信息 |
| 题名: |
国土资源调查与评价
|
|
| 作者: | 吴次芳 主编 | |
| 分册: | ||
| 出版信息: | 北京 中国农业出版社 2008.08 |
|
| 页数: | 312页 | |
| 开本: | 28cm | |
| 丛书名: | ||
| 单 册: | ||
| 中图分类: | F301 | |
| 科图分类: | ||
| 主题词: | 农业经济学 | |
| 电子资源: | ||
| ISBN: | 978-7-109-12726-5 | |
| 000 | 00588nam0 2200193 450 | |
| 001 | 1261603009 | |
| 005 | 20120924090556.20 | |
| 010 | @a978-7-109-12726-5@dCNY29.60 | |
| 100 | @a20120914d2008 km y0chiy0120 ea | |
| 101 | 0 | @achi |
| 102 | @aCN@b110000 | |
| 200 | 1 | @a国土资源调查与评价@Aguo tu zi yuan diao cha yu ping jia@f吴次芳主编@Fwu ci fang zhu bian |
| 210 | @a北京@c中国农业出版社@d2008.08 | |
| 215 | @a312页@d28cm | |
| 606 | 0 | @a农业经济学 |
| 690 | @aF301@v4 | |
| 701 | 0 | @a吴次芳@Awu ci fang@4主编 |
| 801 | 0 | @aCN@b大连网信软件有限公司图书馆·11@c20120924 |
| 905 | @aZUCC@dF301@eW751 | |
| 国土资源调查与评价/吴次芳主编.-北京:中国农业出版社,2008.08 |
| 312页;28cm |
| ISBN 978-7-109-12726-5:CNY29.60 |
| ● |
| 相关链接 |
|
|
|
正题名:国土资源调查与评价
索取号:F301/W751
 
预约/预借
| 序号 | 登录号 | 条形码 | 馆藏地/架位号 | 状态 | 备注 |
| 1 | 486738 | 204867386 | 社科库409/422社科库 38排2列1层/ [索取号:F301/W751] | 在馆 |